LEADER 01269nam2 2200325 450 001 000029314 005 20210706102925.0 010 $a90-411-1252-9$bvol. 7.2 100 $a20130116d1999----km-y0itay50------ba 101 0 $aeng 102 $aNL 105 $ay-------001yy 200 1 $a<>protection of human rights in Europe V. 7/II$fEuropean University Institute of Florence$gAcademy of European Law$v1996, Vol. 7, book 2 210 $aThe Hague$aBoston$aLondon$cKluwer Law International$d1999 215 $aXIX, 237 p$d25 cm 225 2 $aCollected courses of the Academy of European Law$dRecueil des cours de l'Académie de droit européen$v7.2 410 0$12001$aCollected courses of the Academy of European Law$v7.2 461 0$1001000008547 500 10$a<>protection of human rights in Europe$957831 610 1 $aDiritti dell'uomo 610 1 $aDiritto intenazionale 676 $a341.481026$v21 676 $a342.0873$v21 712 02$aEuropean University Institute of Florence 712 02$aAcademy of European law 801 0$aIT$bUNIPARTHENOPE$c20130116$gRICA$2UNIMARC 912 $a000029314 951 $aScaffale 120 CAEL 341 VII/2$b34937$cNAVA1$d2013 996 $aProtection of human rights in Europe$957831 997 $aUNIPARTHENOPE LEADER 03163nam 2200781 a 450 001 9910141356703321 005 20210209181014.0 010 $a1-118-66133-8 010 $a1-4051-7746-2 010 $a1-281-06937-X 010 $a0-470-69221-9 010 $a0-470-76578-X 010 $a9786611069377 035 $a(CKB)2670000000308774 035 $a(EBL)320051 035 $a(OCoLC)476116397 035 $a(SSID)ssj0000115243 035 $a(PQKBManifestationID)11128514 035 $a(PQKBTitleCode)TC0000115243 035 $a(PQKBWorkID)10026123 035 $a(PQKB)11186430 035 $a(MiAaPQ)EBC320051 035 $a(MiAaPQ)EBC4037355 035 $a(Au-PeEL)EBL4037355 035 $a(CaPaEBR)ebr11111668 035 $a(CaONFJC)MIL106937 035 $a(OCoLC)958540757 035 $a(PPN)234937432 035 $a(EXLCZ)992670000000308774 100 $a20061103d2007 uy 0 101 0 $aeng 135 $aur|n|---||||| 181 $ctxt 182 $cc 183 $acr 200 12$aA Bronte? encyclopedia$b[electronic resource] /$fRobert Barnard and Louise Barnard 205 $a1st ed. 210 $aMalden, MA ;$aOxford $cBlackwell Pub.$d2007 215 $a1 online resource (443 p.) 300 $aDescription based upon print version of record. 311 $a1-4051-5119-6 311 $a1-118-49206-4 320 $aIncludes bibliographical references (p. [394]-397). 327 $aList of Illustrations; List of Abbreviations; Preface; Note on Spelling; Acknowledgments; A-Z Entries; Bibliography; PS1; Colour Plates; PS2 330 $aA Bronte? Encyclopedia is an A- Z encyclopedia of the most notable literary family of the 19th century highlighting original literary insights and the significant people and places that influenced the Bronte?s' lives.Comprises approximately 2,000 alphabetically arranged entriesDefines and describes the Bronte?s' fictional characters and settingsIncorporates original literary judgements and analyses of characters and motivesIncludes coverage of Charlotte's unfinished novels and her and Branwell's juvenile writingsFeatures over 60 illustrations 606 $aWomen and literature$zEngland$xHistory$y19th century$vEncyclopedias 606 $aNovelists, English$y19th century$vBiography$vEncyclopedias 606 $aWomen novelists, English$vBiography$vEncyclopedias 606 $aEnglish fiction$xWomen authors$vEncyclopedias 606 $aEnglish fiction$y19th century$vEncyclopedias 607 $aYorkshire (England)$xIntellectual life$vEncyclopedias 607 $aYorkshire (England)$xIn literature$vEncyclopedias 615 0$aWomen and literature$xHistory 615 0$aNovelists, English 615 0$aWomen novelists, English 615 0$aEnglish fiction$xWomen authors 615 0$aEnglish fiction 676 $a823.809 676 $a823/.809 700 $aBarnard$b Robert$0456818 701 $aBarnard$b Louise$f1939-$0884543 801 0$bMiAaPQ 801 1$bMiAaPQ 801 2$bMiAaPQ 906 $aBOOK 912 $a9910141356703321 996 $aA Bronte? encyclopedia$91975367 997 $aUNINA LEADER 01379nam a2200361 i 4500 001 991001591709707536 008 120214s2012 njua b 001 0 eng d 020 $a9780691153131 (hardback : acid-free paper) 020 $a0691153132 (hardback : acid-free paper) 020 $a9780691153148 (pbk. : acid-free paper) 020 $a0691153140 (pbk. : acid-free paper) 035 $ab14038699-39ule_inst 040 $aDip.to Matematica$beng 082 0 $a516.37$223 084 $aLC QA609.F44 084 $aAMS 53-02 084 $aAMS 53A30 084 $aAMS 53C21 100 1 $aFefferman, Charles$0476528 245 14$aThe ambient metric /$cCharles Fefferman, C. Robin Graham 260 $aPrinceton, N. J. :$bPrinceton University Press,$c2012 300 $a111 p. :$bill. ;$c25 cm 440 0$aAnnals of mathematics studies ;$v178 504 $aIncludes bibliographical references and index 650 0$aConformal geometry 650 0$aConformal invariants 700 1 $aGraham, C. Robin$eauthor$4http://id.loc.gov/vocabulary/relators/aut$0514805 907 $a.b14038699$b28-01-14$c14-02-12 912 $a991001591709707536 945 $aLE013 53-XX FEF11 (2012)$g1$i2013000215297$lle013$op$pE65.00$q-$rl$s- $t0$u1$v0$w1$x0$y.i15412696$z22-05-12 996 $aAmbient metric$9850878 997 $aUNISALENTO 998 $ale013$b14-02-12$cm$da $e-$feng$gnju$h4$i0